| 000 -ლიდერი |
| ფიქსირებული სიგრძის საკონტროლო ველი |
01265nam a2200217 4500 |
| 003 - საკონტროლო ნომრის იდენტიფიკატორი |
| საკონტროლო ველი |
Ge_BSU |
| 005 - ბოლო ოპერაციის თარიღი და დრო |
| საკონტროლო ველი |
20191001112500.0 |
| 008 - ფიქსირებული სიგრძის მონაცემთა ელემენტები - ზოგადი ინფორმაცია |
| ფიქსირებული სიგრძის საკონტროლო ველი |
191001s2019 ge ||||| |||| 00| 0 geo d |
| 020 ## - წიგნის საერთაშორისო სტანდარტული ნომერი |
| International Standard Book Number |
9789941299193 |
| 041 ## - ენის კოდი |
| Language code of text/sound track or separate title |
geo |
| 080 ## - უნივერსალური ათობითი კლასიფიკაციის ინდექსი |
| Universal Decimal Classification number |
271.2 ღ-49 |
| 245 ## - ცნობა სათაურის შესახებ |
| Title |
ღვთიური სიბრძნის მართლმადიდებლური ანბანი : |
| Remainder of title |
წიგნი 1. ა-გ / |
| Statement of responsibility, etc |
შემდგ. : გ. კალანდაძე ; რედ. თ. მამაცაშვილი ; კონსულტ-რედ. დეკანოზ ლევან მათეშვილი. |
| 264 ## - წარმოების, გამოცემის, დისტრიბუციის და სხვა ცნობები |
| გამოცემის, წარმოების, დისტრიბუციის... ადგილი |
თბილისი : |
| გამოცემის, წარმოების, დისტრიბუციის... სახელწოდება |
პალიტრა L, |
| გამოცემის, წარმოების, დისტრიბუციის... თარიღი |
[2019]. |
| 300 ## - ფიზიკური აღწერა |
| Extent |
171 გვ.; |
| Other physical details |
20 სმ. |
| 653 ## - INDEX TERM--UNCONTROLLED |
| Uncontrolled term |
რელიგია |
| 653 ## - INDEX TERM--UNCONTROLLED |
| Uncontrolled term |
ქრისტიანობა |
| 700 ## - ADDED ENTRY--PERSONAL NAME |
| Personal name |
კალანდაძე, გ. ; რედ. თ. მამაცაშვილი ; კონსულტ-რედ. დეკანოზ ლევან მათეშვილი. |
| Relator term |
შემდგენელი |
| 9 (RLIN) |
4409 |
| 700 ## - ADDED ENTRY--PERSONAL NAME |
| Personal name |
მამაცაშვილი, თ. |
| Relator term |
რედაქტორი |
| 9 (RLIN) |
4410 |
| 700 ## - ADDED ENTRY--PERSONAL NAME |
| Personal name |
მათეშვილი, ლევან |
| Relator term |
რედაქტორი |
| 9 (RLIN) |
4411 |
| 942 ## - ADDED ENTRY ELEMENTS (KOHA) |
| Source of classification or shelving scheme |
|
| Koha item type |
წიგნი |